[Event "ch-FRA Blitz Online Qual"]
[Site "Europe-Chess INT"]
[Date "2020.05.16"]
[Round "2"]
[White "Baroyan, Davit"]
[Black "Guseinov, Gadir"]
[Result "0-1"]
[BlackTitle "GM"]
[WhiteElo "2218"]
[BlackElo "2665"]
[WhiteFideId "26033607"]
[BlackFideId "13401378"]
[EventDate "2020.05.16"]

1. d4 Nf6 2. c4 g6 3. g3 Bg7 4. Bg2 O-O 5. Nf3 d6 6. O-O Nc6 7. Nc3 Bf5 8. Nh4
Bd7 9. e4 e5 10. d5 Nd4 11. Nf3 Bg4 12. Qd3 Nd7 13. Ne2 Nc5 14. Qe3 Nc2 15. Qc3
Nxa1 16. Bg5 Nxe4 17. Bxd8 Nxc3 18. Nxc3 Raxd8 19. Rxa1 Bxf3 20. Bxf3 a6 21. Re1
f5 22. Bg2 e4 23. f3 Bxc3 24. bxc3 exf3 25. Bxf3 Rfe8 26. Rb1 b6 27. a4 a5 0-1

[Event "ch-FRA Blitz Online Qual"]
[Site "Europe-Chess INT"]
[Date "2020.05.16"]
[Round "2"]
[White "Velten, Paul"]
[Black "Djidjeli, Sarah"]
[Result "1/2-1/2"]
[WhiteTitle "GM"]
[WhiteElo "2480"]
[BlackElo "2074"]
[WhiteFideId "681091"]
[BlackFideId "36067474"]
[EventDate "2020.05.16"]

1. d4 Nf6 2. c4 g6 3. Nc3 d5 4. cxd5 Nxd5 5. Bd2 Bg7 6. e4 Nxc3 7. Bxc3 c5 8. d5
Bxc3+ 9. bxc3 O-O 10. Qd2 e6 11. Bc4 Qf6 12. Ne2 exd5 13. Bxd5 Nd7 14. O-O Nb6
15. c4 Be6 16. Rac1 Rad8 17. Qe3 Qe7 18. Nf4 Rfe8 19. Rfe1 Nd7 20. Bxb7 Ne5 21.
Bd5 Ng4 22. Qg3 Nf6 23. Bxe6 fxe6 24. e5 Nd7 25. Nh3 Nb8 26. Ng5 Nc6 27. Ne4 Rf8
28. Nf6+ Kh8 29. Ne4 Nd4 30. Nd6 Nf5 31. Nxf5 Rxf5 32. h3 Rdf8 33. Re2 Qc7 34.
Rce1 Qa5 35. Qe3 Qb4 36. Rc1 a5 37. Qb3 Qxb3 38. axb3 Rb8 39. Rc3 Rf7 40. Ra2
Ra7 41. g3 Rb4 42. Rd3 Kg7 43. Kg2 Kf7 44. f4 a4 45. Rxa4 Raxa4 46. bxa4 Rxa4
47. Rd7+ Kg8 48. Re7 Rxc4 49. Rxe6 Rc3 50. Rc6 c4 51. g4 Rc1 52. Kg3 c3 53. Kh4
Kg7 54. f5 gxf5 55. gxf5 c2 56. Rc7+ Kf8 57. e6 Rf1 58. Rxc2 Rxf5 59. Re2 Ke7
60. Kg4 Rf6 61. Kg5 Rxe6 62. Ra2 Re5+ 63. Kh6 Re3 64. h4 Kf6 65. Rf2+ Ke7 66. h5
Rh3 67. Rf5 Ke6 68. Rf1 Ke7 69. Rf2 Ke6 70. Rf8 Ke5 71. Rh8 Kf5 72. Rxh7 Kg4 73.
Kg6 Ra3 74. h6 Ra6+ 75. Kg7 Ra7+ 76. Kh8 Ra8+ 77. Kg7 Ra7+ 78. Kg6 Ra6+ 79. Kg7
Ra7+ 1/2-1/2

[Event "ch-FRA Blitz Online Qual"]
[Site "Europe-Chess INT"]
[Date "2020.05.16"]
[Round "2"]
[White "Guillemart, Serge"]
[Black "Piorun, Kacper"]
[Result "0-1"]
[BlackTitle "GM"]
[WhiteElo "2107"]
[BlackElo "2601"]
[WhiteFideId "26015579"]
[BlackFideId "1130420"]
[EventDate "2020.05.16"]

1. e4 g6 2. d4 Bg7 3. Nc3 c6 4. h4 h5 5. Nf3 d5 6. e5 Nh6 7. Be2 Bg4 8. Ng5 Bf5
9. Be3 f6 10. exf6 exf6 11. Nf3 Ng4 12. Bf4 O-O 13. Bd3 Re8+ 14. Kf1 Qc8 15. g3
Na6 16. Kg2 Nb4 17. Bxf5 Qxf5 18. a3 Na6 19. Re1 Nh6 20. Qd2 Nf7 21. Rxe8+ Rxe8
22. Re1 Qd7 23. Rxe8+ Qxe8 24. Qe2 Qd7 25. Nd1 Nd8 26. c3 Ne6 27. Bd2 Nac7 28.
Qd3 Kf7 29. Ne3 Nb5 30. a4 Nd6 31. Bc1 a6 32. b3 Bf8 33. Ba3 Nc7 34. Nf1 Qe6 35.
N1d2 b5 36. axb5 axb5 37. Qe3 Qxe3 38. fxe3 Nf5 39. Bxf8 Nxe3+ 40. Kf2 Ng4+ 41.
Ke2 Kxf8 42. c4 Ke7 43. Nf1 bxc4 44. bxc4 dxc4 45. N1d2 c3 46. Ne4 Nd5 47. Kd3
Ke6 48. Nxc3 Nf2+ 49. Kc4 Nxc3 50. Kxc3 Ne4+ 51. Kd3 Nxg3 52. Ke3 Nf5+ 53. Ke4
Nd6+ 54. Ke3 Kd5 55. Nd2 Nf5+ 0-1

[Event "ch-FRA Blitz Online Qual"]
[Site "Europe-Chess INT"]
[Date "2020.05.16"]
[Round "2"]
[White "Vaisser, Anatoly"]
[Black "Ritzenthaler, Stephane"]
[Result "1-0"]
[WhiteTitle "GM"]
[WhiteElo "2504"]
[BlackElo "1988"]
[WhiteFideId "603252"]
[BlackFideId "638080"]
[EventDate "2020.05.16"]

1. d4 Nf6 2. c4 c5 3. d5 b5 4. cxb5 a6 5. bxa6 Bxa6 6. Nc3 d6 7. Nf3 g6 8. e4
Bxf1 9. Kxf1 Bg7 10. g3 O-O 11. Kg2 Nbd7 12. a4 Ng4 13. Qc2 Nge5 14. Nxe5 Nxe5
15. f4 Nc4 16. b3 Nb6 17. Bd2 Qd7 18. a5 Nc8 19. Ra4 Qb7 20. Rb1 e6 21. Qd3 Ne7
22. dxe6 fxe6 23. Qxd6 Ra6 24. Qxc5 Rc8 25. Qe3 Bxc3 26. Bxc3 Rxc3 27. Qxc3 Rc6
28. Rc4 Rxc4 29. Qxc4 Nc6 30. Qxe6+ Kg7 31. Rd1 1-0

[Event "ch-FRA Blitz Online Qual"]
[Site "Europe-Chess INT"]
[Date "2020.05.16"]
[Round "2"]
[White "Dourerassou, Jonathan"]
[Black "Le Brech, Cyril"]
[Result "0-1"]
[WhiteTitle "GM"]
[WhiteElo "2477"]
[BlackElo "1986"]
[WhiteFideId "628050"]
[BlackFideId "20675186"]
[EventDate "2020.05.16"]

1. e4 e5 2. Nf3 Nf6 3. Nxe5 d6 4. Nf3 Nxe4 5. Nc3 Nxc3 6. dxc3 Be7 7. Bd3 O-O 8.
Be3 Bf6 9. Qd2 Nc6 10. O-O-O a6 11. Kb1 Be6 12. h4 Rb8 13. Bg5 b5 14. Qf4 d5 15.
Bxf6 Qxf6 16. Qxf6 gxf6 17. Nd4 Nxd4 18. cxd4 Rfc8 19. Rde1 c5 20. dxc5 Rxc5 21.
Kc1 f5 22. Kd2 a5 23. Re5 Rbc8 24. Rc1 f4 25. Rg5+ Kf8 26. Bxh7 Ke7 27. Bd3 Rh8
28. h5 Kf6 29. Rg6+ fxg6 30. hxg6 Rh2 31. Rg1 Bf5 32. c3 Bxg6 33. Bxg6 Kxg6 34.
Kd3 Rh5 35. g4 fxg3 36. Rxg3+ Rg5 37. Re3 Rc6 38. f3 b4 39. Re8 bxc3 40. bxc3
Rf5 41. Rg8+ Kf7 42. Rg3 Kf6 43. Rh3 Kg6 44. Rg3+ Rg5 45. Rh3 Kf5 46. Rh8 Kf4
47. Rf8+ Rf5 48. Ra8 Kxf3 49. Rxa5 Kf2 50. Kd2 Re5 51. Ra8 Re2+ 52. Kd3 Re3+ 53.
Kd4 Rexc3 54. Kxd5 Ke3 55. a4 R3c5# 0-1

[Event "ch-FRA Blitz Online Qual"]
[Site "Europe-Chess INT"]
[Date "2020.05.16"]
[Round "2"]
[White "Perez Marco, Ricardo"]
[Black "Bailet, Pierre"]
[Result "0-1"]
[BlackTitle "IM"]
[WhiteElo "2064"]
[BlackElo "2500"]
[WhiteFideId "2256401"]
[BlackFideId "655830"]
[EventDate "2020.05.16"]

1. e4 c5 2. Nf3 Nc6 3. d4 cxd4 4. Nxd4 Nf6 5. Nc3 e5 6. Nxc6 bxc6 7. Bg5 h6 8.
Bxf6 Qxf6 9. Bc4 Bc5 10. O-O O-O 11. Qe2 Rb8 12. Bb3 d6 13. Na4 Bb4 14. Rad1 Rd8
15. Kh1 Bb7 16. Qe3 Ba6 17. Rfe1 Bxe1 18. Rxe1 c5 19. f3 c4 20. Qxa7 Ra8 21. Qb6
cxb3 22. axb3 d5 23. exd5 Qxb6 24. Nxb6 Rab8 25. Nc4 Bxc4 26. bxc4 Rxb2 27. Rc1
Rc8 0-1

[Event "ch-FRA Blitz Online Qual"]
[Site "Europe-Chess INT"]
[Date "2020.05.16"]
[Round "2"]
[White "Bellahcene, Bilel"]
[Black "Profili, Emilio"]
[Result "1/2-1/2"]
[WhiteTitle "GM"]
[WhiteElo "2501"]
[BlackElo "2053"]
[WhiteFideId "696358"]
[BlackFideId "45160805"]
[EventDate "2020.05.16"]

1. d4 Nf6 2. c4 c5 3. d5 b5 4. cxb5 a6 5. bxa6 Bxa6 6. Nc3 g6 7. e4 Qa5 8. Bd2
Bxf1 9. Kxf1 d6 10. g3 Bg7 11. Kg2 O-O 12. Nf3 Na6 13. Re1 Nb4 14. Qb1 Qa6 15.
a4 Nd3 16. Re3 c4 17. Nb5 Ng4 18. Re2 Qb6 19. Be1 Rfc8 20. h3 Nge5 21. Nxe5 Bxe5
22. Bc3 e6 23. dxe6 fxe6 24. Ra3 Rf8 25. f4 Bxf4 26. Bd4 Qc6 27. Rxd3 cxd3 28.
Qxd3 Bh6 29. Nc3 d5 30. exd5 exd5 31. Qb5 Qxb5 32. axb5 Rab8 33. Re6 Bg7 34. Ba7
Rb7 35. b6 Bxc3 36. bxc3 Rc8 37. Rd6 Rxc3 38. Rxd5 Kg7 39. h4 Rb3 40. Rd6 Rb2+
41. Kh3 Kf7 42. Rc6 Ke8 43. Rc8+ Kd7 44. Rh8 Kd6 45. Kg4 Ke6 46. Kg5 Rb5+ 47.
Kg4 Rb4+ 48. Kh3 Kf6 49. Rc8 Kf5 50. Rc6 Ke5 51. Rc8 Kd5 52. Rd8+ Ke6 53. Rh8
Kf6 54. Rc8 Ke6 55. Rc2 Kd5 56. Kg2 Ke4 57. Kf2 Kd3 58. Rc6 Ke4 59. Rd6 Rb2+ 60.
Kg1 Kf3 61. Rd3+ Kg4 62. Kf1 Kh3 63. Rc3 Rf7+ 64. Ke1 Re7+ 65. Kd1 Rb7 66. Ke1
Kg4 67. Kd1 h6 68. Rc6 Kf5 69. Rc7 R7xb6 70. Bxb6 Rxb6 71. Ke2 Rb2+ 72. Kf3 Rb3+
73. Kg2 Kg4 74. Rc4+ Kf5 75. Rc6 h5 76. Rc5+ Kf6 77. Kh3 Ra3 78. Rc4 Rb3 1/2-1/2

[Event "ch-FRA Blitz Online Qual"]
[Site "Europe-Chess INT"]
[Date "2020.05.16"]
[Round "2"]
[White "Lambach, Maxime"]
[Black "Guliyev, Namig"]
[Result "0-1"]
[BlackTitle "GM"]
[WhiteElo "1980"]
[BlackElo "2529"]
[WhiteFideId "36056880"]
[BlackFideId "13400363"]
[EventDate "2020.05.16"]

1. e4 c5 2. Nf3 d6 3. d4 cxd4 4. Nxd4 Nf6 5. Nc3 a6 6. Be2 e6 7. Be3 Qc7 8. f4
b5 9. Bf3 Bb7 10. a3 Nbd7 11. Nb3 Be7 12. O-O O-O 13. Qe1 Nb6 14. Rd1 Nc4 15.
Bc1 Rac8 16. Rd3 Nd7 17. Qg3 Rfe8 18. Rfd1 Bf8 19. Nd2 Nc5 20. Rd4 Ne3 21. Nb3
Nxc2 22. R4d2 Ne3 23. Re1 Nxb3 24. Rxe3 Nxc1 25. Rc2 Qc5 26. Qf2 Nb3 27. g3 b4
28. axb4 Qxb4 29. Kg2 Nd4 30. Rc1 Nb3 31. Rc2 Rc5 32. Na2 Qb6 33. Rxc5 dxc5 34.
Rc3 Nd4 35. Qe3 f5 36. h4 Nxf3 37. Kxf3 Bxe4+ 38. Kf2 Qxb2+ 0-1

[Event "ch-FRA Blitz Online Qual"]
[Site "Europe-Chess INT"]
[Date "2020.05.16"]
[Round "2"]
[White "Terrieux, Kevin"]
[Black "Zienkiewicz, Alexandre"]
[Result "1-0"]
[WhiteTitle "IM"]
[WhiteElo "2448"]
[BlackElo "2049"]
[WhiteFideId "622591"]
[BlackFideId "20610327"]
[EventDate "2020.05.16"]

1. d4 c5 2. d5 e6 3. e4 Nf6 4. Nc3 exd5 5. exd5 d6 6. Nf3 g6 7. Be2 Bg7 8. O-O
O-O 9. h3 Re8 10. Re1 Bf5 11. Bg5 h6 12. Bf4 Ne4 13. Nxe4 Bxe4 14. c3 Nd7 15.
Qd2 Nf6 16. Bxh6 Bxd5 17. Bxg7 Kxg7 18. c4 Be6 19. Rad1 Qb6 20. b3 d5 21. cxd5
Bxd5 22. Qc3 Bxf3 23. Bxf3 Rxe1+ 24. Rxe1 Rc8 25. Re7 Rc7 26. Re5 Qd6 27. Re1 b6
28. g3 Rd7 29. Rd1 Qe6 30. Rxd7 Qxd7 31. Kg2 Qe6 32. Qd2 Nd7 33. Qf4 Ne5 34. Be4
Nd7 35. Kh2 Ne5 36. Bg2 Nd7 37. Bf1 Ne5 38. h4 Ng4+ 39. Kg1 Ne5 40. Bg2 Nd7 41.
Kh2 Ne5 42. Bf3 Nxf3+ 43. Qxf3 Qd7 44. h5 Qe7 45. hxg6 fxg6 46. Qf4 Qd7 47. Qe5+
Kh7 48. Qg5 Qf7 49. f4 Qd7 50. Qh4+ Kg7 51. Qg5 Qd2+ 52. Kh3 Qd7+ 53. Kh4 Qd1
54. Qe7+ Kh6 55. Qf8+ Kh7 56. Qe7+ Kh6 57. Qf8+ Kh7 58. Kg5 Qh5+ 59. Kf6 Qf5+
60. Ke7 Qe4+ 61. Kd7 Qf5+ 62. Qxf5 gxf5 63. Ke6 Kg6 64. Ke5 b5 65. Kd5 Kh5 66.
Kxc5 Kg4 67. Kd4 Kxg3 68. Ke5 Kg4 69. b4 a6 70. a3 Kf3 71. Kxf5 Ke3 72. Ke5 Kd3
73. f5 Kc3 74. f6 Kb3 75. f7 Kxa3 76. f8=Q Ka4 77. Qc5 Kb3 78. Kd4 1-0

[Event "ch-FRA Blitz Online Qual"]
[Site "Europe-Chess INT"]
[Date "2020.05.16"]
[Round "2"]
[White "Demuth, Adrien"]
[Black "Perrin, Antoine"]
[Result "1-0"]
[WhiteTitle "GM"]
[WhiteElo "2492"]
[BlackElo "1967"]
[WhiteFideId "642274"]
[BlackFideId "45127255"]
[EventDate "2020.05.16"]

1. Nf3 c5 2. g3 Nf6 3. c4 g6 4. b3 Bg7 5. Bb2 O-O 6. Bg2 Nc6 7. O-O d5 8. cxd5
Nxd5 9. Bxg7 Kxg7 10. d4 cxd4 11. Nxd4 Nxd4 12. Qxd4+ Nf6 13. Qe5 Qb6 14. Nc3
Be6 15. Na4 Qb4 16. Nc5 Bc8 17. Qxe7 Re8 18. Ne6+ 1-0

[Event "ch-FRA Blitz Online Qual"]
[Site "Europe-Chess INT"]
[Date "2020.05.16"]
[Round "2"]
[White "Henry, Tony"]
[Black "Riff, Jean-Noel"]
[Result "0-1"]
[BlackTitle "GM"]
[WhiteElo "1979"]
[BlackElo "2504"]
[WhiteFideId "622427"]
[BlackFideId "611190"]
[EventDate "2020.05.16"]

1. e4 c5 2. Nf3 d6 3. Bb5+ Nc6 4. c3 Nf6 5. d4 cxd4 6. cxd4 Nxe4 7. d5 Qa5+ 8.
Bd2 Nxd2 9. Nbxd2 Qxb5 10. dxc6 bxc6 11. a4 Qa6 12. b4 e5 13. Qb3 Be6 14. Qb2
Be7 15. b5 cxb5 16. axb5 Qb7 17. O-O O-O 18. Rfb1 Bf6 19. Qc2 e4 20. Nxe4 Bxa1
21. Nfg5 Bf5 22. Rxa1 Qe7 23. f3 Qxg5 24. Re1 Bxe4 25. Rxe4 Qc5+ 26. Qxc5 dxc5
27. Rc4 Rfc8 28. Kf2 Rab8 29. Kg3 Rxb5 30. h4 Rb4 31. Rc3 c4 32. h5 h6 33. Kg4
Rb3 34. Rc2 c3 35. g3 Rb2 36. Rc1 c2 37. f4 Rb1 0-1

[Event "ch-FRA Blitz Online Qual"]
[Site "Europe-Chess INT"]
[Date "2020.05.16"]
[Round "2"]
[White "Miralles, Gilles"]
[Black "Burgalat, Eliot"]
[Result "1-0"]
[WhiteTitle "GM"]
[WhiteElo "2418"]
[BlackElo "1963"]
[WhiteFideId "600059"]
[BlackFideId "36068659"]
[EventDate "2020.05.16"]

1. d4 e6 2. Nf3 Nf6 3. c4 d5 4. g3 Be7 5. Bg2 O-O 6. O-O b6 7. Ne5 Bb7 8. Nc3
Ne4 9. Nxe4 dxe4 10. Be3 Nd7 11. Qc2 Nxe5 12. dxe5 f5 13. exf6 Bxf6 14. Bxe4
Bxe4 15. Qxe4 Qe8 16. Rab1 Rd8 17. b3 Kh8 18. Rbd1 Qf7 19. Qc6 Be5 20. c5 h6 21.
a4 Qf6 22. Qe4 Bc3 23. c6 e5 24. Rd7 Bd4 25. Rxc7 Bxe3 26. Qxe3 Qd6 27. Rxa7
Qxc6 28. Qxe5 Rd7 29. Rxd7 Qxd7 30. Qe3 Qf7 31. Qxb6 Qf5 32. a5 Qc2 33. Qb5 Ra8
34. a6 Qa2 35. Rd1 Rxa6 36. Rd8+ Kh7 37. Qf5+ Rg6 38. Rd6 Qb1+ 39. Qxb1 1-0

[Event "ch-FRA Blitz Online Qual"]
[Site "Europe-Chess INT"]
[Date "2020.05.16"]
[Round "2"]
[White "Cuttoli, Alexandre"]
[Black "Shchekachev, Andrei"]
[Result "0-1"]
[BlackTitle "GM"]
[WhiteElo "2044"]
[BlackElo "2533"]
[WhiteFideId "36007293"]
[BlackFideId "4107730"]
[EventDate "2020.05.16"]

1. d4 g6 2. Bf4 Bg7 3. Nc3 d6 4. Qd2 Nc6 5. Nf3 Bg4 6. d5 Nb8 7. h3 Bxf3 8. exf3
c6 9. O-O-O Nd7 10. Bc4 Ngf6 11. Rde1 O-O 12. Bh6 Nb6 13. Bb3 cxd5 14. Bxg7 Kxg7
15. Nxd5 Nbxd5 16. Bxd5 e6 17. Bb3 a6 18. h4 a5 19. h5 g5 20. Qxg5+ Kh8 21. c3
Rg8 22. Qh6 a4 23. Bc2 a3 24. b3 Rc8 25. c4 b5 26. cxb5 Rc5 27. g4 Rgg5 28. Rhg1
Rg7 29. g5 Ng8 30. Qxg7+ Kxg7 31. g6 hxg6 32. hxg6 f5 0-1

[Event "ch-FRA Blitz Online Qual"]
[Site "Europe-Chess INT"]
[Date "2020.05.16"]
[Round "2"]
[White "Kurmann, Oliver"]
[Black "Boulos, Carlos"]
[Result "1-0"]
[WhiteTitle "IM"]
[WhiteElo "2430"]
[BlackElo "2147"]
[WhiteFideId "1308173"]
[BlackFideId "5302749"]
[EventDate "2020.05.16"]

1. e4 e5 2. Nf3 Nc6 3. Bc4 Bc5 4. O-O Nf6 5. d3 d6 6. c3 a6 7. a4 h6 8. Re1 Ba7
9. Nbd2 O-O 10. h3 Ne7 11. Bb3 Ng6 12. d4 Qe7 13. a5 Nf4 14. Bc2 Bd7 15. Nf1 Ng6
16. Ng3 Rad8 17. Nf5 Qe8 18. Be3 Bc6 19. Ng3 exd4 20. Bxd4 Bxd4 21. Nxd4 Bd7 22.
Qd2 Ne5 23. Bb3 Be6 24. Nxe6 fxe6 25. f4 Nf7 26. Ba4 c6 27. Qf2 Kh8 28. Rad1 d5
29. Qb6 Qe7 30. exd5 Nxd5 31. Qd4 Nd6 32. Rf1 Nf5 33. Qd3 Nxg3 34. Qxg3 Qf6 35.
Bc2 Rf7 36. c4 Nb4 37. Rxd8+ Qxd8 38. Bg6 Rf6 39. Qc3 Qe7 40. Bb1 c5 41. Qe5 Qf7
42. Rd1 Nc6 43. Qe4 g6 44. Rd6 Nd4 45. Qe5 Kg7 46. Rd8 Qe7 47. Rc8 Nc6 48. Rc7
Nxe5 49. Rxe7+ Nf7 50. g3 Kf8 51. Rxb7 e5 52. Rb6 Rd6 53. Bxg6 Rd1+ 54. Kf2 exf4
55. Rf6 fxg3+ 56. Kxg3 Rg1+ 57. Kh4 Rf1 58. Rxf1 1-0

[Event "ch-FRA Blitz Online Qual"]
[Site "Europe-Chess INT"]
[Date "2020.05.16"]
[Round "2"]
[White "Labrande, Theodore"]
[Black "Parligras, Mircea-Emilian"]
[Result "0-1"]
[BlackTitle "GM"]
[WhiteElo "2077"]
[BlackElo "2591"]
[WhiteFideId "36045780"]
[BlackFideId "1204297"]
[EventDate "2020.05.16"]

1. e4 c5 2. Nf3 d6 3. d4 cxd4 4. Nxd4 Nf6 5. Nc3 a6 6. Be3 e5 7. Nb3 Be7 8. Be2
O-O 9. h3 Be6 10. O-O Nbd7 11. Bf3 b5 12. Re1 Rc8 13. Nd5 Nxd5 14. exd5 Bf5 15.
c3 Bg6 16. a4 Nb6 17. axb5 axb5 18. Na5 Nc4 19. Nxc4 bxc4 20. b4 cxb3 21. Qxb3
Rb8 22. Qd1 f5 23. Ba7 Rc8 24. Qb3 e4 25. Be2 Bf6 26. Bb6 Qe8 27. Bb5 Rxc3 28.
Qxc3 Bxc3 29. Bxe8 Rxe8 30. Rec1 Bxa1 31. Rxa1 Bf7 32. Ra5 f4 33. Bc7 e3 34.
fxe3 fxe3 35. Ra1 Bxd5 36. Bxd6 Bc4 37. Bg3 e2 38. Re1 Rf8 39. Bf2 Rf5 40. Ra1
Rd5 41. Re1 Kf7 42. Kh2 g6 43. Kg3 Rf5 44. Be3 Rf1 45. Bf2 Ke6 46. Kf3 Kd5 47.
Ke3 Kc6 48. Kf3 Kb5 49. Ke3 Kb4 50. Kf3 Kc3 51. Ke3 h5 52. g3 Bb5 53. h4 Bc4 54.
Rxe2 Bxe2 55. Kxe2 Ra1 56. Be3 Ra6 57. Kf3 Kd3 58. Bf4 Re6 59. Bg5 Re4 60. Bf4
Kd4 61. Bg5 Kd5 62. Bf4 Kd4 63. Bg5 Ke5 64. Bf4+ Kf5 65. Bg5 Rb4 66. Bf4 Rb3+
67. Kf2 Kg4 68. Bd6 Rb2+ 69. Ke3 Rg2 70. Ke4 Rxg3 71. Ke5 Rf3 72. Be7 Re3+ 73.
Kf6 Rxe7 74. Kxe7 Kxh4 75. Kf6 g5 76. Kf5 g4 77. Kf4 Kh3 78. Ke3 g3 79. Kf3 Kh2
80. Ke2 g2 81. Kf3 g1=Q 82. Ke4 Kg2 83. Kf5 h4 84. Ke6 h3 85. Kd7 h2 0-1

[Event "ch-FRA Blitz Online Qual"]
[Site "Europe-Chess INT"]
[Date "2020.05.16"]
[Round "2"]
[White "Wirig, Anthony"]
[Black "Gretry, Patrice"]
[Result "1-0"]
[WhiteTitle "GM"]
[WhiteElo "2499"]
[BlackElo "2017"]
[WhiteFideId "615013"]
[BlackFideId "624675"]
[EventDate "2020.05.16"]

1. d4 d5 2. Bg5 c6 3. e3 Qb6 4. Qc1 Bf5 5. Nf3 Nd7 6. c4 Ngf6 7. Nc3 e6 8. Be2
h6 9. Bf4 Be7 10. O-O Nh5 11. Be5 Nxe5 12. Nxe5 Nf6 13. cxd5 exd5 14. Bd3 Be6
15. f4 O-O 16. h3 Rad8 17. a3 Nd7 18. b4 Nxe5 19. fxe5 Qc7 20. Qe1 Rb8 21. Qg3
Qd8 22. Ne2 Bh4 23. Qf3 Bg5 24. Nf4 Bd7 25. Qh5 Qe7 26. Kh1 b6 27. Ng6 Qd8 28.
Nxf8 Qxf8 29. Qe2 Qe7 30. Bf5 Be8 31. Rf3 Kh8 32. Raf1 Rb7 33. Bc2 Qf8 34. Qd3
Qg8 35. e4 Re7 36. exd5 cxd5 37. b5 Bd7 38. a4 Be6 39. Bb1 Rc7 40. Qb3 Qc8 41.
Qd3 g6 42. Qe2 Rc4 43. Qf2 Kg7 44. Rxf7+ Bxf7 45. Qxf7+ Kh8 46. Qxg6 Rc7 47. Bd3
Rg7 48. Qd6 Rg8 49. Qxd5 Qc3 50. Qe4 Qc7 51. d5 Qg7 52. d6 Rd8 53. e6 Kg8 54. e7
Re8 55. d7 Qxe7 56. dxe8=Q+ 1-0

[Event "ch-FRA Blitz Online Qual"]
[Site "Europe-Chess INT"]
[Date "2020.05.16"]
[Round "2"]
[White "Grosse, Ludovic"]
[Black "Arnaudov, G. Petar"]
[Result "0-1"]
[BlackTitle "GM"]
[WhiteElo "1958"]
[BlackElo "2471"]
[WhiteFideId "26045842"]
[BlackFideId "2907127"]
[EventDate "2020.05.16"]

1. d4 Nf6 2. Nf3 e6 3. Bf4 d5 4. e3 Bd6 5. Bg5 h6 6. Bh4 c5 7. dxc5 Bxc5 8. Bd3
Nbd7 9. c4 dxc4 10. Bxc4 O-O 11. Nc3 a6 12. O-O b5 13. Bd3 Bb7 14. Rc1 Rc8 15.
Bb1 Be7 16. e4 b4 17. e5 bxc3 18. exf6 Bxf6 19. Qd3 g6 20. Bxf6 Nxf6 21. Rxc3
Qxd3 22. Rxd3 Be4 23. Ra3 Bb7 24. Rb3 Rc7 25. Bd3 Rd8 26. Be2 Kg7 27. Rb6 a5 28.
Ba6 Bxf3 29. gxf3 Rd2 30. Rb5 Rcc2 31. Rxa5 Rxb2 32. a4 Nd5 33. Bc4 Nf4 34. Rb5
Rbc2 35. Bb3 Rc3 36. a5 Ne2+ 37. Kh1 Nd4 38. Rb7 Rxb3 39. a6 Rxb7 40. axb7 Rb2
41. Rd1 Nxf3 42. Rd7 Ne5 43. Rc7 g5 44. Kg2 Kf6 45. Kg3 h5 0-1

[Event "ch-FRA Blitz Online Qual"]
[Site "Europe-Chess INT"]
[Date "2020.05.16"]
[Round "2"]
[White "Monnot, Leo"]
[Black "Vedmediuc, Serghei"]
[Result "0-1"]
[BlackTitle "IM"]
[WhiteElo "1964"]
[BlackElo "2464"]
[WhiteFideId "26093103"]
[BlackFideId "13900790"]
[EventDate "2020.05.16"]

1. e4 c6 2. Nc3 d5 3. Nf3 Nf6 4. exd5 cxd5 5. d4 Nc6 6. Bb5 Bg4 7. h3 Bxf3 8.
Qxf3 e6 9. O-O Be7 10. Qg3 O-O 11. Bxc6 bxc6 12. Bh6 Ne8 13. f4 Bh4 14. Qg4 f5
15. Qh5 gxh6 16. Na4 Ng7 17. Qxh6 Qf6 18. Qxf6 Bxf6 19. Nc5 Bxd4+ 0-1

[Event "ch-FRA Blitz Online Qual"]
[Site "Europe-Chess INT"]
[Date "2020.05.16"]
[Round "2"]
[White "Marcelin, Cyril"]
[Black "Courbi, Stephane"]
[Result "1-0"]
[WhiteTitle "GM"]
[WhiteElo "2444"]
[BlackElo "1955"]
[WhiteFideId "607274"]
[BlackFideId "647462"]
[EventDate "2020.05.16"]

1. d4 Nf6 2. Nf3 d5 3. Bf4 Bf5 4. e3 e6 5. c4 Bxb1 6. Rxb1 Bb4+ 7. Ke2 O-O 8.
Qb3 Bd6 9. Bg5 Nbd7 10. cxd5 exd5 11. g3 h6 12. Bxf6 Nxf6 13. Bg2 c5 14. dxc5
Bxc5 15. Rhc1 Bb6 16. Kf1 Rc8 17. Rxc8 Qxc8 18. Rd1 Qe6 19. Nd4 Bxd4 20. Rxd4
Qa6+ 21. Kg1 Qe2 22. Bxd5 Nxd5 23. Rxd5 Rc8 24. Kg2 Rc1 25. Rd8+ Kh7 26. Qd3+
Qxd3 27. Rxd3 Rc2 28. Rb3 b6 29. g4 Kg6 30. Rb5 f6 31. Kg3 Kf7 32. h4 g6 33. h5
gxh5 34. gxh5 Ke6 35. f3 Kd6 36. Kf4 Ke6 37. e4 Rh2 38. a4 Rh4+ 39. Kg3 Rh1 40.
a5 bxa5 41. Rxa5 Rb1 42. Ra6+ Ke5 43. Rxa7 Rxb2 44. Re7+ Kd6 45. Rh7 Ke5 46.
Re7+ Kd6 47. Re8 Rb5 48. Kh4 1-0

[Event "ch-FRA Blitz Online Qual"]
[Site "Europe-Chess INT"]
[Date "2020.05.16"]
[Round "2"]
[White "Joie, Sebastien"]
[Black "Joly, Julien"]
[Result "1-0"]
[WhiteTitle "IM"]
[WhiteElo "2393"]
[BlackElo "2188"]
[WhiteFideId "650420"]
[BlackFideId "26082284"]
[EventDate "2020.05.16"]

1. Nf3 g6 2. g3 Bg7 3. d4 d6 4. Bg2 Nf6 5. O-O O-O 6. b3 c6 7. a4 a5 8. Bb2 Na6
9. Nbd2 d5 10. Ne5 Nd7 11. Nxd7 Bxd7 12. e4 dxe4 13. Nxe4 Bf5 14. Qe2 Nb4 15.
Rad1 Qc7 16. Rfe1 Rad8 17. c3 Nd5 18. Nc5 Rfe8 19. Be4 Bxe4 20. Qxe4 b6 21. Nd3
e6 22. h4 h5 23. Kg2 Nf6 24. Qf3 Ng4 25. Nf4 c5 26. d5 Ne5 27. Qe4 exd5 28. Nxd5
Qb8 29. c4 Ng4 30. Ne7+ Kh7 31. Bxg7 Kxg7 32. Qf3 Nf6 33. Nc6 Qc7 34. Nxd8 Rxd8
35. Rxd8 Qxd8 36. Qc3 Kh7 37. Qe5 Ng4 38. Qf4 Qa8+ 39. Qf3 Qa7 40. Re8 Kg7 41.
Qc3+ Nf6 42. Re3 Qb7+ 43. Rf3 Qc6 44. Kg1 Qe6 45. Rf4 Qd6 46. Kh2 Qe6 47. Qe3
Ng4+ 48. Rxg4 Qxg4 49. Qe5+ Kh7 50. Qf6 Kg8 51. Qxb6 Qf5 52. Qd8+ Kg7 53. Qd2
Qf3 54. Kg1 Qxb3 55. Qxa5 Qxc4 56. Qa7 Qd5 57. Kh2 c4 58. Qe3 Qc6 59. Qc3+ Kh7
60. a5 Qc5 61. Kg1 Qc6 62. Kf1 Qh1+ 63. Ke2 Qc6 64. Ke3 Qc5+ 65. Kd2 Qxf2+ 66.
Kc1 Qc5 67. Kb2 Qb5+ 68. Ka3 Qc5+ 69. Ka4 Qc6+ 70. Kb4 Qd6+ 71. Kxc4 Qc6+ 72.
Kb4 Qd6+ 73. Kb5 Qb8+ 74. Ka4 Qe8+ 75. Ka3 Qe7+ 76. Kb3 Qe6+ 77. Qc4 Qe3+ 78.
Ka4 Kg7 79. a6 Qb6 80. Qb5 Qd4+ 81. Qb4 Qa1+ 82. Kb5 Qe5+ 83. Qc5 Qb2+ 84. Kc6
Qf6+ 85. Kb7 Qf3+ 86. Qc6 Qb3+ 87. Kc8 Qa3 88. Qc4 Kh6 89. Kb7 Qb2+ 90. Kc7 Qe5+
91. Kd7 Qf5+ 92. Ke7 Qe5+ 93. Kxf7 Qf5+ 94. Ke7 Qe5+ 95. Kf7 Qf5+ 96. Kg8 Qf6
97. Qc1+ g5 98. Qxg5+ Qxg5+ 99. hxg5+ Kxg5 100. a7 Kg4 101. a8=Q Kxg3 102. Qh1
h4 103. Kg7 h3 104. Kg6 h2 105. Kg5 Kh3 106. Kf4 1-0